Lập trình hướng đối tượng C++
Ngôn ngữ C được xem là một ngôn ngữ lập trình vạn năng và được sử dụng rộng rãi để giải quyết các bài toán khoa học kỹ thuật: xử lý ảnh, đồ họa, ghép nối máy tính.
Saved in:
| Main Author: | |
|---|---|
| Format: | Book |
| Language: | Undetermined |
| Published: |
Hà Nội
Khoa học và Kỹ thuật
2005
|
| Subjects: | |
| Tags: |
Add Tag
No Tags, Be the first to tag this record!
|
| Institutions: | Trung tâm Học liệu Trường Đại học Cần Thơ |
|---|
| LEADER | 00905nam a2200205Ia 4500 | ||
|---|---|---|---|
| 001 | CTU_106422 | ||
| 008 | 210402s9999 xx 000 0 und d | ||
| 020 | |c 41000 | ||
| 082 | |a 005.133 | ||
| 082 | |b Th523 | ||
| 100 | |a Nguyễn, Thanh Thủy | ||
| 245 | 0 | |a Lập trình hướng đối tượng C++ | |
| 245 | 0 | |c Nguyễn Thanh Thủy (chủ biên) ... [at al.] | |
| 260 | |a Hà Nội | ||
| 260 | |b Khoa học và Kỹ thuật | ||
| 260 | |c 2005 | ||
| 520 | |a Ngôn ngữ C được xem là một ngôn ngữ lập trình vạn năng và được sử dụng rộng rãi để giải quyết các bài toán khoa học kỹ thuật: xử lý ảnh, đồ họa, ghép nối máy tính. | ||
| 650 | |a c++ ( computer program language ) | ||
| 904 | |i Minh, Hiếu (sửa) | ||
| 980 | |a Trung tâm Học liệu Trường Đại học Cần Thơ | ||